| 000 | 00757nab a2200253 a 4500 | ||
|---|---|---|---|
| 005 | 20210219160814.0 | ||
| 008 | 991125s1985 mx 000 0 spa u | ||
| 035 | _aUPN01000173087 | ||
| 100 | 1 | _aPlanas, Núria | |
| 222 | _aUNO : | ||
| 222 | _bREVISTA DE DIDACTICA DE LAS MATEMATICAS | ||
| 245 | _aAnálisis de casos por un equipo de investigación-acción : ejemplos para la formación del profesorado de matemáticas | ||
| 260 | _aBarcelona, España | ||
| 300 | _a103-114 | ||
| 362 | 0 | _a2009 Año 13, no. 5, abr. | |
| 653 | 0 | _aMATEMATICA | |
| 653 | 0 | _aFORMACION DOCENTE | |
| 653 | 0 | _aTRABAJO COLABORATIVO | |
| 700 | 1 | _aFortuny, Josep María, | |
| 700 | 1 | _ecoaut. | |
| 700 | 1 | _aIranzo, Núria, | |
| 700 | 1 | _ecoaut. | |
| 905 | _aArticulo | ||
| 999 |
_c145191 _d145191 |
||